00853cam a2200229 a 450000500170000000800410001702000150005804100080007310000240008124500630010525000180016826000540018630000160024050001330025665300550038965300400044465300150048465300400049965300320053965300290057170000230060020231219132008.0100907s1997||||xxua | |||| 00| 0 eng d a019857794X aeng1 aElliott, William H. aBiochemistry and molecular biology / cWilliam H. Elliott a1a ed. reimp. aNew York [USA]: bOxford University Press;c1997. a437 p.bil. aElliott, W. H. y Elliott, D. C. (1997). Biochemistry and molecular biology. (1st ed.). New York [USA] : Oxford University Press. aIntroduction to the chemical reactions of the cell aStructure of proteins and membranes aMetabolism aInformation storage and utilization aTransport of oxygen and CO2 aMechanical work by cells1 aElliott, Daphne C.